Rycarskij romans dlja vysokogo qolosa s f-p. /

Hlavní autor: Glinka, Michail Ivanovič, 1804-1857
Jazyk: Ruština
Vydáno: Moskva : Gosudarstvennoje muzykal'noje izdatel'stvo, 1946
Fyzický popis: 1 partitura (11 s.)
Hudebniny Hudebniny
Uloženo v:
LEADER 00713ncm a22002052a 4500
001 001311732
003 CZ BrMZK
005 20140129134555.0
007 qu
008 120320s1946 ru |||||||||||||||||rus d
040 |a BOA001  |b cze 
072 7 |a 784  |x Vokální hudba  |2 Konspekt  |9 9 
100 1 |a Glinka, Michail Ivanovič,  |d 1804-1857  |7 jn19990210242  |4 cmp 
245 1 0 |a Rycarskij romans  |h [hudebnina] :  |b dlja vysokogo qolosa s f-p. /  |c M.I. Glinka 
260 |a Moskva :  |b Gosudarstvennoje muzykal'noje izdatel'stvo,  |c 1946 
300 |a 1 partitura (11 s.) 
910 |a BOA001  |b Mus4-0188.221 
990 |a MU 
991 |b 201307 
996 6 |b 2619570546  |c Mus4-0188.221  |l MZK  |r Sklad / do 1 hodiny  |n 0  |w 001346636  |u 000010  |a 1  |e BOA001  |j MZK50  |s P